000 00751pam a2200277 a 4500
001 1523909
005 20180220040446.0
008 900309s1991 nyua b 001 0 eng c
010 _a 90005814
020 _a0070708908 (1vol. ed.)
020 _a26842
040 _aDNLM/DLC
_cDLC
_dDLC
041 _aeng
060 _aWB 115 P957
080 _a616
082 0 0 _a616 HAR
_220
100 _a4
101 _aSHM
245 0 0 _aHarrison's principles of internal medicine.
504 _aIncludes bibliographical references and index..
740 0 _aPrinciples of internal medicine.
740 0 _aInternal medicine.
906 _a7
_bcbc
_corignew
_d1
_eocip
_f19
_gy-gencatlg
942 _2ddc
_cBK
999 _c42884
_d42884